Tiếng Việt- Sơ thảo ngữ pháp chức năng

में बचाया:
ग्रंथसूची विवरण
मुख्य लेखक: Cao, Xuân Hạo
स्वरूप: पुस्तक
प्रकाशित: Hà Nội Giáo dục 2004
विषय:
टैग : टैग जोड़ें
कोई टैग नहीं, इस रिकॉर्ड को टैग करने वाले पहले व्यक्ति बनें!
Thư viện lưu trữ: Trung tâm Học liệu Lê Vũ Hùng, Trường Đại học Đồng Tháp
LEADER 00771pam a22002658a 4500
001 00030863
005 20171026081025.0
008 130814s2004 ||||||Viesd
020 |c 76400 
041 0 # |a Vie 
082 1 4 |a 495.922 91  |b T306V 
100 1 # |a Cao, Xuân Hạo 
245 0 0 |a Tiếng Việt- Sơ thảo ngữ pháp chức năng  |c Cao Xuân Hạo 
260 # # |a Hà Nội  |b Giáo dục  |c 2004 
300 # # |a 487 tr.  |c 24 cm. 
653 # # |a Nghiên cứu 
653 # # |a Ngữ pháp 
653 # # |a Tiếng Việt  |a Chức năng 
852 # # |b Kho đọc  |j KD.0014778 
852 # # |j KD.0014778 
910 |d 8/2013 
980 # # |a Trung tâm Học liệu Lê Vũ Hùng, Trường Đại học Đồng Tháp